| 000 | 00839nam a2200217 i 4500 | ||
|---|---|---|---|
| 001 | 149758 | ||
| 003 | ES-MaACL | ||
| 005 | 20231228062702.0 | ||
| 007 | t| | ||
| 008 | 071024s1932 sp ||||1| spa d | ||
| 100 | 1 |
_aVázquez Sans, Juan. _9113483 |
|
| 245 | 1 | 0 |
_aEn defensa de la justicia, un movimiento cívico profesional : _b(el pleito de la Beneficencia Municipal de Barcelona), 1925-1932 / _cJ. Vázquez Sans ; prólogo del Dr. G. Marañón. |
| 260 |
_aBarcelona : _b[s.n., _c1932] ( _fTip. A. Ortega) |
||
| 300 |
_aIX, 277 p. ; _c22 cm. |
||
| 650 | 4 |
_aBeneficencia- _zBarcelona. _9171464 |
|
| 651 | 4 |
_aBarcelona- _xSituación social- _yS.XX. _9174363 |
|
| 700 | 1 |
_aMarañón, Gregorio, _d1887-1960 _976311 |
|
| 740 | 3 | 2 | _aEl pleito de la Beneficencia Municipal de Barcelona. |
| 852 | 4 |
_aES-MaACL _jF-13922 |
|
| 999 |
_c149758 _d149758 |
||